=LDR 00000nam 2200000 4500 =001 INLIS000000000005365 =005 20251015080525 =035 ##$$a 0010-1025000420 =007 ta =008 251015###########################0#ind## =082 ##$$a 314.6 =084 ##$$a 314.6 MAD p =100 #$$a Made Mamas =245 1#$$a Pengumpulan Statistik Kependudukan Melalui Registrasi /$c Badan Koordinasi Keluarga Berencana Nasional =260 ##$:$b Badan Koordinasi Keluarga Berencana Nasional =300 ##$$a 28 Hal : $b Ilus ; $c 21 =650 #4$$a Keluarga Berencana =856 ##$$a Perpustakaan Kemendukbangga